00942nam a2200205 a 450000100100000000500170001000800410002702000150006804000250008308200150010810000260012324501380014926000460028730000270033350001710036070000320053170000430056395201130060699900170071900004581420201002052447.0150515s1989 sp a 000 0 spa d a8471516039 aDO-SdBNPbspacBNPHU axxxxbxxxx1 aBeck, Eleonore97389310aDios habla a sus hijos :btextos bíblicos /c[textos, Eleonore Beck ; dibujos Miren Sorne ; traducción Constantino Ruiz-Garrido]. aNavarra, España :bVerbo Divino,c1989. a96 p. :bil. ;c19 cm. aEdición ofrecida por ayuda a la iglesia necesitada, como aporte al fortalecimiento de la fe, con motivo del V Centenario de la Evangelización de América Latina.12aSorne, Miren,edibj.97389412aRuiz-Garrido, Constantino,etr.953096 001050718MOaGRbGRcCTd2015-05-15iLF1l0oxxxx xxxxp45814-10r2020-06-25w2020-06-25y1ZNo se presta c45303d45303